Ivy League Cities - Statistics

General Stats
  • This quiz has been taken 725 times
    398 since last reset
  • The average score is 6 of 8
Answer Stats
Ivy League Teams City % Correct
Pennsylvania Philadelphia
80%
_________ Princeton
79%
Yale New Haven
78%
Columbia New York City
78%
Harvard Cambridge
77%
Brown Providence
77%
Cornell Ithaca
67%
Dartmouth Hanover
45%
No matching quizzes found
Score Distribution
Percent of People with Each Score
Percentile by Number Answered
Your Score History
You have not taken this quiz since the last reset